[Event "Wch U16"]
[Site "Vung Tau"]
[Date "2008.10.27"]
[Round "8"]
[White "Shyam, Sundar T"]
[Black "Raznikov, Danny"]
[Result "1-0"]
[WhiteElo "1830"]
[BlackElo "2251"]
[PlyCount "121"]
[EventDate "2008.10.20"]
[EventType "swiss"]
[EventRounds "11"]
[EventCountry "VIE"]
[SourceTitle "EXT 2009"]
[Source "ChessBase"]
[SourceDate "2008.11.26"]
[SourceVersion "1"]
[SourceVersionDate "2008.11.26"]
[SourceQuality "1"]

1. e4 c5 2. Nf3 d6 3. d4 cxd4 4. Nxd4 Nf6 5. Nc3 a6 6. Bc4 e6 7. Be3 Be7 8. 0-0 0-0 9. Bb3 b5 10. f4 Bb7 11. e5 dxe5 12. fxe5 Nd5 13. Nxd5 Bxd5 14. Bxd5 Qxd5 15. Nf5 Nc6 16. Qxd5 exd5 17. Rad1 Rad8 18. Nxe7+ Nxe7 19. Bc5 Rfe8 20. Bd6 h6 21. Rf3 Nc8 22. Rxd5 Nb6 23. Rc5 Nc4 24. Rc7 Nxd6 25. exd6 Rxd6 26. Rfxf7 Re2 27. Rxg7+ Kf8 28. h3 Rdd2 29. a3 a5 30. Rcf7+ Ke8 31. Rf5 Rxc2 32. Rxb5 Kf8 33. Rg4 a4 34. Rbb4 h5 35. Rbf4+ Ke7 36. Re4+ Kf6 37. Rgf4+ Kg6 38. Rxe2 Rxe2 39. Rxa4 Rxb2 40. Kh2 Rb3 41. Ra6+ Kg5 42. Ra5+ Kg6 43. h4 Rc3 44. a4 Ra3 45. Rg5+ Kh6 46. a5 Ra4 47. g3 Ra2+ 48. Kg1 Re2 49. Kf1 Re6 50. Kf2 Re4 51. Kf3 Re1 52. Kf4 Re2 53. Re5 Rf2+ 54. Ke3 Rg2 55. Rg5 Rc2 56. Kd3 Rc1 57. Kd4 Rc2 58. Rc5 Rg2 59. a6 Ra2 60. Rc6+ Kg7 61. Kc5 1-0

[Event "Wch U16"]
[Site "Vung Tau"]
[Date "2008.10.26"]
[Round "7"]
[White "Sethuraman, SP."]
[Black "Shyam, Sundar T"]
[Result "1-0"]
[WhiteElo "2441"]
[BlackElo "1830"]
[PlyCount "133"]
[EventDate "2008.10.20"]
[EventType "swiss"]
[EventRounds "11"]
[EventCountry "VIE"]
[SourceTitle "EXT 2009"]
[Source "ChessBase"]
[SourceDate "2008.11.26"]
[SourceVersion "1"]
[SourceVersionDate "2008.11.26"]
[SourceQuality "1"]

1. e4 e5 2. Nf3 Nc6 3. Bb5 a6 4. Ba4 Nf6 5. 0-0 Be7 6. Re1 b5 7. Bb3 d6 8. c3 0-0 9. h3 Nb8 10. d4 Nbd7 11. Nbd2 Bb7 12. Bc2 Re8 13. b3 Bf8 14. Bb2 c5 15. d5 Nb6 16. a4 bxa4 17. bxa4 a5 18. Bd3 Ba6 19. Bxa6 Rxa6 20. Qe2 Qa8 21. Reb1 Rb8 22. Bc1 Ra7 23. Rb5 Ne8 24. Ne1 Nc7 25. Rbb1 Rab7 26. Nc2 Nc8 27. Rxb7 Rxb7 28. Na3 Nb6 29. Qd1 Nc8 30. Ndc4 Nb6 31. Nxb6 Rxb6 32. Be3 Qa6 33. Qf1 Rb3 34. Qxa6 Nxa6 35. Bd2 f5 36. Nc4 fxe4 37. Nxa5 Rb2 38. Nc4 Rb3 39. a5 Kf7 40. Kf1 Ke7 41. Ke2 g6 42. Nb6 Kd8 43. Kd1 Rb5 44. Kc2 c4 45. Be3 Kc7 46. Nxc4 Rxd5 47. Rb1 Nb8 48. Ba7 Na6 49. Be3 Nb8 50. Rb6 Nd7 51. Rb2 Nb8 52. Rb3 Be7 53. Nd2 Kc8 54. Ra3 Na6 55. Nxe4 Rb5 56. c4 Rb4 57. Kd3 Rb7 58. Ra1 Kd7 59. Bb6 Nb4+ 60. Ke2 d5 61. cxd5 Nxd5 62. Be3 Rb2+ 63. Kf3 Nc7 64. a6 Rb8 65. a7 Rf8+ 66. Ke2 Kc6 67. Ra5 1-0

[Event "Wch U16"]
[Site "Vung Tau"]
[Date "2008.10.23"]
[Round "5"]
[White "Saeed, Ishaq"]
[Black "Shyam, Sundar T"]
[Result "0-1"]
[WhiteElo "2179"]
[BlackElo "1830"]
[PlyCount "120"]
[EventDate "2008.10.20"]
[EventType "swiss"]
[EventRounds "11"]
[EventCountry "VIE"]
[SourceTitle "EXT 2009"]
[Source "ChessBase"]
[SourceDate "2008.11.26"]
[SourceVersion "1"]
[SourceVersionDate "2008.11.26"]
[SourceQuality "1"]

1. d4 Nf6 2. c4 g6 3. Nc3 Bg7 4. e4 d6 5. f3 0-0 6. Be3 e5 7. d5 c6 8. Bd3 b5 9. Nge2 bxc4 10. Bxc4 c5 11. 0-0 Nfd7 12. a4 Nb6 13. Bb5 a5 14. Nc1 Na6 15. Qe2 Nb4 16. Rd1 Bd7 17. Nb3 c4 18. Nc1 Bxb5 19. Nxb5 f5 20. b3 fxe4 21. fxe4 Rf4 22. Bxf4 exf4 23. Ra2 Nxa2 24. Qxa2 Rc8 25. Qe2 cxb3 26. Nxb3 Nxa4 27. Qg4 Qb6+ 28. N3d4 Rf8 29. Kh1 Nc5 30. h4 Kh8 31. Qf3 Qd8 32. Nc6 Qxh4+ 33. Kg1 Qf6 34. Nxa5 Qe5 35. Re1 Qb2 36. Qe2 Bd4+ 37. Kh1 Qxe2 38. Rxe2 Be5 39. Nc4 Rd8 40. Kg1 Kg7 41. Kf2 Kf6 42. Kf3 h5 43. Nxe5 Kxe5 44. Na7 Ra8 45. Ra2 Kf6 46. Kxf4 Re8 47. Re2 g5+ 48. Kf3 g4+ 49. Kf4 Rb8 50. Nc6 Rb3 51. Rd2 Ra3 52. Nd4 Nd3+ 53. Kg3 Nc5+ 54. Kf4 Ra1 55. Re2 Rf1+ 56. Ke3 h4 57. Nc2 Kg5 58. Ne1 Nb3 59. Nd3 h3 60. gxh3 Rf3# 0-1

[Event "Wch U16"]
[Site "Vung Tau"]
[Date "2008.10.22"]
[Round "3"]
[White "Durarbayli, Vasif"]
[Black "Shyam, Sundar T"]
[Result "1-0"]
[WhiteElo "2434"]
[BlackElo "1830"]
[PlyCount "79"]
[EventDate "2008.10.20"]
[EventType "swiss"]
[EventRounds "11"]
[EventCountry "VIE"]
[SourceTitle "EXT 2009"]
[Source "ChessBase"]
[SourceDate "2008.11.26"]
[SourceVersion "1"]
[SourceVersionDate "2008.11.26"]
[SourceQuality "1"]

1. e4 e5 2. Nf3 Nc6 3. Bb5 a6 4. Ba4 Nf6 5. 0-0 Be7 6. d3 b5 7. Bb3 0-0 8. a4 Rb8 9. axb5 axb5 10. Nc3 d6 11. Nd5 Nxd5 12. Bxd5 Nb4 13. Bb3 c5 14. c3 Nc6 15. Bd5 Qc7 16. Be3 Bf6 17. Bg5 Bxg5 18. Nxg5 h6 19. Nxf7 Rxf7 20. f4 Kh7 21. Bxf7 Qxf7 22. fxe5 Qe7 23. exd6 Qxd6 24. Qh5 Ne5 25. Ra7 Bg4 26. Qh4 Bd7 27. Qg3 Qe6 28. Rf5 Nc6 29. Rd5 Nxa7 30. Qxb8 Nc6 31. Qd6 Qxd6 32. Rxd6 Be8 33. Rd5 c4 34. d4 Na5 35. Re5 Bd7 36. Re7 Bc8 37. d5 Nb3 38. d6 Nd2 39. e5 Kg6 40. e6 1-0